| 000 | 00583cam a2200193 4500500 | ||
|---|---|---|---|
| 005 | 20260329003610.0 | ||
| 041 | _afre | ||
| 042 | _adc | ||
| 100 | 1 | 0 |
_aLegros, Martin _eauthor |
| 245 | 0 | 0 | _aSébastien Chabal. Le combattant généreux |
| 260 | _c2016. | ||
| 500 | _a94 | ||
| 690 | _aCatherine Kintzler | ||
| 690 | _aForce | ||
| 690 | _arugby | ||
| 690 | _aSébastien Chabal | ||
| 786 | 0 | _nPhilosophie magazine | 98 | 4 | 2016-04-01 | p. 25-25 | 1951-1787 | |
| 856 | 4 | 1 | _uhttps://shs.cairn.info/magazine-philosophie-magazine-2016-4-page-25?lang=fr&redirect-ssocas=7080 |
| 999 |
_c1825924 _d1825924 |
||